000 00650cam a2200229 4500
001 J1128
008 090401t1985 xxu||||| |||| 00| 0 eng d
035 _a(Sirsi) u41916
041 _aeng
050 _a692.209421
110 _aRichard Ellis
_91875
245 _aFlow chart for party wall procedure under the London Building Acts (Amendment) Act 1939.
260 _aLondon
_bRichard Ellis
_cca.1985
300 _a1 folded sheet ; 30x15cm
350 _a0
650 _aFLOW CHARTS
650 _aLONDON BUILDING ACTS (AMENDMENT) ACT 1939
650 _aParty walls
_96258
690 _aBUILT ENVIRONMENT
942 _n0
948 _c04/03/1997
999 _c91002
_d91002